000 00279nam a22001217a 4500
008 171003b xxu||||| |||| 00| 0 eng d
041 _aeng
080 _a159.9
100 _a48
101 _aPSI
245 _aFACTS AND THEORIES OF PSYCHOANALYSIS
_cHENDRICK, I
942 _2udc
_cBK
999 _c31384
_d31384